000 00984namaa2200301 cb4500
001 BV005305351
003 DE-70
005 20251222144043.0
006 m|||| o||u| ||||||
007 tu
007 7
008 920527s1980 a||| |||| 00||| und d
020 _a9780197831052
_9978-0-19-783105-2
024 _a9780197831052
_a978-0-19-783105-2
040 _cRU-10907106
041 _aeng
100 _aHein, Benjamin P
_4aut
_968060
245 _aThe Migrant's Spirit
_bHow Industrial Modernity Came to the German Lands
_cBenjamin P Hein
264 _aKettering
_bOxford University Press
_c2025
300 _a1 Online-Ressource (xviii, 332 Seiten)
_bIllustrationen
336 _2rdacontent
_aText
_btxt
337 _2rdamedia
_aComputermedien
_bbc
338 _2rdacarrier
_aOnline Ressource
_bcr
490 _aOxford scholarship online
500 _aE-Book / Zugriff nur im Lesesaal
856 _zVolltext
_uhttps://doi.org/10.1093/9780197831052.001.0001
942 _cEB
_2z
999 _c73508
_d73508